Personalidad de Pío Baroja: trasfondo psicológico de un mundo literario

Sábháilte in:
Sonraí bibleagrafaíochta
Príomhchruthaitheoir: Criado Miguel, Isabel (Údar)
Formáid: LEABHAR
Teanga:Spáinnis
Foilsithe / Cruthaithe: Barcelona Planeta 1974
Sraith:Colección Ensayos de Linguística y Crítica Literaria
Ábhair:
Clibeanna: Cuir clib leis
Níl clibeanna ann, Bí ar an gcéad duine le clib a chur leis an taifead seo!

MARC

LEADER 00000nam a2200000 a 4500
001 UCZ1647
003 CL-VaPUC
008 950831e19740000SP |||||||||||||||||spa|d
082 0 4 |a 863.09  |b CRI  |2 21 
100 0 |a Criado Miguel, Isabel  |e author  |9 345274 
245 1 0 |a Personalidad de Pío Baroja: trasfondo psicológico de un mundo literario 
300 |a 329 p 
942 |c BK 
945 |d 19950831 00:00:00  |a rbrito 
260 |a Barcelona  |b Planeta  |c 1974 
600 0 7 |a BAROJA, PIO  |2 CL-VaPUC  |9 322211 
650 7 |a NOVELA ESPAÑOLA  |2 CL-VaPUC  |9 313139 
650 0 |a Crítica e interpretación   |9 255042 
650 0 |a Literatura española  |9 306261 
583 |a last modification  |c 19950831 00:00:00  |k Rodrigo Vera 
490 0 |a Colección Ensayos de Linguística y Crítica Literaria 
999 |c 238366  |d 238364 
952 |0 0  |1 0  |4 0  |6 863_090000000000000_CRI_1974  |7 0  |8 A  |9 248525  |a BIBEDU  |b BIBEDU  |d 2019-11-18  |i 3106829  |o 863.09 CRI 1974  |p 3106829  |r 2019-11-18  |w 2019-11-18  |y BK  |k LIT